Das bare Musalmȧn (Record no. 76605)

MARC details
000 -LEADER
fixed length control field 00543cam a22002171 4500
001 - CONTROL NUMBER
control field sa 67007457
003 - CONTROL NUMBER IDENTIFIER
control field DLC
005 - DATE AND TIME OF LATEST TRANSACTION
control field 20260227112416.0
008 - FIXED-LENGTH DATA ELEMENTS--GENERAL INFORMATION
fixed length control field 890925s1966 ii 000 0 urd
010 ## - LIBRARY OF CONGRESS CONTROL NUMBER
LC control number sa 67007457
035 ## - SYSTEM CONTROL NUMBER
System control number (OCoLC)23541520
040 ## - CATALOGING SOURCE
Original cataloging agency DLC
Transcribing agency MiU
Modifying agency OCoLC
-- TxU
-- DLC
042 ## - AUTHENTICATION CODE
Authentication code premarc
050 00 - LIBRARY OF CONGRESS CALL NUMBER
Classification number BP70
Item number .M75
100 0# - MAIN ENTRY--PERSONAL NAME
Personal name Muḥammad Ismāʼīl Pānīpatī,
Dates associated with a name 1893-
245 10 - TITLE STATEMENT
Title Das bare Musalmȧn
260 ## - PUBLICATION, DISTRIBUTION, ETC.
Date of publication, distribution, etc. 1966.
300 ## - PHYSICAL DESCRIPTION
Extent 10 v. in l.
Dimensions 18 cm.
500 ## - GENERAL NOTE
General note In Urdu.
650 #0 - SUBJECT ADDED ENTRY--TOPICAL TERM
Topical term or geographic name entry element Muslims
General subdivision Biography

No items available.

Powered by Koha